Statistics for Talon's Geography Quiz #3

Click here to take the quiz!

General Stats

  • This quiz has been taken 63 times
    (34 since last reset)
  • The average score is 10 of 15

Answer Stats

HintAnswer% Correct
The only country in the world to start with an ''O'Oman
100%
The only country in the world to start with a "Q"Qatar
100%
The only country in the world to start with a "Y"Yemen
100%
The largest country (by area) in the aboveSaudi Arabia
90%
The second tallest mountain in the worldK2
86%
The region of which all of the three above are located inMiddle East
86%
The smallest country of that same regionBahrain
79%
The deepest point on earthMariana Trench
76%
The largest island in EuropeGreat Britain
62%
The largest freshwater lake, and deepest lakeLake Baikal
62%
The number of countries in the UN193
59%
The city of Harry Potter's train stationLondon
59%
One of the two countries that have the most enclaves on one border in the worldIndia
28%
The other of the twoBangladesh
17%
The deepest point in the Atlantic OceanPuerto Rican Trench
3%

Score Distribution

Percentile by Number Answered

Percent of People with Each Score

Your Score History

You have not taken this quiz since the last reset